Nefrologie kritických stavů

Bibliographic Details
Main Authors: Petejová, Nadežda (Author), Zadražil, Josef, 1954- (Author), Teplan, Vladimír, 1949- (Author), Martínek, Arnošt, 1952- (Author)
Format: Book
Language:Czech
PhysicalDescription:312 strán ilustrácie (prevažne farebné) 22 cm
Published: Praha Maxdorf [2023]
ISBN:9788073457471
Series:Jessenius
Subjects:

MARC

LEADER 00000cam a2200000 4500
001 vtls012234885
003 SK-MaSNL
005 20260301203511.0
008 230713t2023 xr a frn 001 0 cze
020 |a 9788073457471  |q (viazané) 
040 |a SNK  |b slo  |c SNK  |e rda 
041 0 |a cze 
044 |a xr  |c CZ 
072 7 |a 616  |x Patológia. Klinická medicína  |2 konspekt 
080 |a 616.61  |2 2001 
080 |a 616-036.1  |2 2001 
080 |a 616-07  |2 2011 
080 |a 616-08  |2 2011 
080 |a (048.8:082)  |2 2011 
100 1 |a Petejová, Nadežda  |4 aut  |9 224064 
245 1 0 |a Nefrologie kritických stavů  |c Nadežda Petejová, Josef Zadražil, Vladimír Teplan, Arnošt Martínek 
246 1 |i Obálkový podnázov:  |a Patofyziologie, diagnostika, terapie 
264 1 |a Praha  |b Maxdorf  |c [2023] 
264 4 |c ©2023 
300 |a 312 strán  |b ilustrácie (prevažne farebné)  |c 22 cm 
336 |a text  |b txt  |2 rdacontent 
337 |a bez média  |b n  |2 rdamedia 
338 |a zväzok  |b nc  |2 rdacarrier 
490 1 |a Jessenius 
500 |a Obsahuje zoznam skratiek 
504 |a Obsahuje bibliografiu za jednotlivými kapitolami a register 
650 0 7 |a choroby obličiek  |2 SNKPH  |9 20122 
650 0 7 |a akútne ochorenia  |2 SNKPH  |9 106276 
650 0 7 |a nefrológia  |2 SNKPH  |9 19057 
650 0 7 |a diagnostika (medicína)  |2 SNKPH  |9 28740 
650 0 7 |a terapia  |2 SNKPH  |9 781 
650 0 7 |a Kidney diseases  |2 SNKPHeng  |9 314491 
650 0 7 |a Acute diseases  |2 SNKPHeng  |9 330919 
650 0 7 |a Nephrology  |2 SNKPHeng  |9 314490 
650 0 7 |a Medical diagnostics  |2 SNKPHeng  |9 268685 
650 0 7 |a Therapy  |2 SNKPHeng  |9 267006 
655 7 |a kolektívne monografie  |2 SNKPH  |9 249850 
655 7 |a Collective monographs  |2 SNKPHeng  |9 125747 
700 1 |a Zadražil, Josef,  |d 1954-  |4 aut  |9 161303 
700 1 |a Teplan, Vladimír,  |d 1949-  |4 aut  |9 14348 
700 1 |a Martínek, Arnošt,  |d 1952-  |4 aut  |9 90641 
830 0 |a Jessenius  |9 315576 
852 |a Slovenská národná knižnica 
919 |a 978-80-7345-747-1 
954 |a odborná, vedecká literatúra cudzojazyčná (svetová)  |2 lita 
958 |a NB 
958 |a MI 
958 |a CZ 
999 |c 902852  |d 904782 
952 |t snkPET 616.61  |a SNKUST  |b SNKUST  |y PREZ  |7 0  |p 17A1529797  |o snkIC 147878  |i snk2025/1585  |8 4  |g 27.63  |0 0  |1 0  |4 0  |d 2023-09-12  |l 0  |r 2026-02-24 07:18:54  |w 2026-02-24